[Event "Navarra-chTA"]
[Site "Pamplona"]
[Date "2015.11.21"]
[Round "7.7"]
[White "Abaurrea San Juan, Xabier"]
[Black "Abdula Boisteanu, Cristina"]
[Result "0-1"]
[WhiteElo "1608"]
[BlackElo "1191"]
[PlyCount "72"]
[EventDate "2015.10.10"]
[EventType "team-tourn"]
[EventRounds "7"]
[EventCountry "ESP"]
[SourceTitle "CBM 169 Extra"]
[Source "ChessBase"]
[SourceDate "2015.12.18"]
[SourceVersion "1"]
[SourceVersionDate "2015.12.18"]
[SourceQuality "1"]
[WhiteTeam "Arrano Elkartea"]
[BlackTeam "Mikel Gurea"]
[WhiteTeamCountry "ESP"]
[BlackTeamCountry "ESP"]

1. d4 Nf6 2. Nf3 g6 3. Bf4 Bg7 4. e3 d6 5. h3 0-0 6. Be2 Nc6 7. c3 Bf5 8. Nbd2 Re8 9. 0-0 e5 10. Bh2 e4 11. Ne1 Qd7 12. g4 Be6 13. Nc2 h6 14. Rc1 d5 15. Nb3 b6 16. Bb5 a6 17. Ba4 Bf8 18. Nb4 b5 19. Nc5 Bxc5 20. dxc5 bxa4 21. Qxa4 Nxb4 22. Qxb4 Nh5 23. c6 Qc8 24. f3 Rb8 25. Qd4 Rxb2 26. c4 Rb4 27. Qc5 Rxc4 28. Rxc4 dxc4 29. Qe5 Bxg4 30. Qxc7 Qxc7 31. Bxc7 Rc8 32. Bh2 Bxf3 33. c7 Nf6 34. Bf4 g5 35. Be5 Nd5 36. Kf2 Nxc7 0-1